000 00706cam a2200157 4500500
005 20260308011854.0
041 _afre
042 _adc
100 1 0 _aRibereau-Gayon, Philippe
_eauthor
245 0 0 _aThibaut Giraud La parole aux machines Philosophie des grands modèles de langage. Grasset, 2025, 480 pages, 25 €.
260 _c2026.
500 _a52
520 _aAlors que l’Art déco fête ses cent ans, plusieurs expositions à Paris et en région reviennent sur la singularité et le rayonne– ment de ce mouvement.
786 0 _nÉtudes | 4335 | 3 | 2026-02-25 | p. 123a-124 | 0014-1941
856 4 1 _uhttps://shs.cairn.info/revue-etudes-2026-3-page-123a?lang=fr&redirect-ssocas=7080
999 _c1679215
_d1679215